000 00911aam a2200313 i 4500
001 768714001
003 CO-MdFUSB
005 20250505104644.0
007 ta
008 250505t1991 -us |||| |||| 00| 0 spa d
020 _a0-88113-287-x
040 _cCO-MdFUSB
041 0 _aspa
_heng
082 0 4 _223
_a241
_bS7871t
100 1 _aStanley, Charles
_eautor
240 _aTemptation
245 1 0 _aTentado, no cedas :
_bvencer la tentación es más que no pecar
_c/ Charles Stanley ; traducido por Priscila M. Patacsil
264 1 _bBetania,
_aMinneapolis, MN., USA :
_c[1988]
264 4 _c©1988
300 _a176 páginas
336 _atexto
_btxt
_2rdacontent
337 _2rdamedia
_asin mediación
_bn
338 _2rdacarrier
_avolumen
_bnc
563 _aRústico
653 _aTentación
700 _aPatacsil, Priscila M. ‎
_94776
_etraductor
942 _cBK
945 _aJTF-925
999 _c35372
_d35372